|
|
|
|
| LEADER |
00000cam a2200000 a 4500 |
| 001 |
vtls010323173 |
| 003 |
SK-MaSNL |
| 005 |
20260331205713.0 |
| 008 |
160610s2011 xo f 000 0 slo |
| 015 |
|
|
|a SNBA2012/03-01365
|
| 020 |
|
|
|a 9788071381334 (brož.)
|
| 035 |
|
|
|a 6E70FD8C-CEBB-41C1-B3AF-64139CC35972
|
| 035 |
|
|
|a urn:nbn:sk:snk-amlef1
|
| 035 |
|
|
|a urn:nbn:sk:snk-am008ybo
|
| 040 |
|
|
|a SNK
|b slo
|c SNK
|e AACR2
|
| 041 |
0 |
|
|a slo
|
| 043 |
|
|
|a e-xo---
|a e------
|
| 044 |
|
|
|a xo
|c SK
|
| 072 |
|
7 |
|a 364-1/-7
|x Druhy sociálnej pomoci a služieb
|2 konspekt
|
| 080 |
|
|
|a 316.346.32-053.9
|2 2001
|
| 080 |
|
|
|a 364.4-053.9
|2 2001
|
| 080 |
|
|
|a 005
|2 2001
|
| 080 |
|
|
|a (437.6)
|2 2001
|
| 080 |
|
|
|a (4)
|2 2001
|
| 080 |
|
|
|a (048.8)
|2 2001
|
| 080 |
|
|
|a 336
|2 2001
|
| 100 |
1 |
|
|a Repková, Kvetoslava,
|d 1959-
|4 com
|9 209625
|
| 245 |
1 |
0 |
|a Dlhodobá starostlivosť o starších ľudí na Slovensku a v Európe
|b správa, riadenie a financovanie
|n (3)
|c [zostavovateľka] Kvetoslava Repková a autorský kolektív
|
| 250 |
|
|
|a 1. vyd.
|
| 260 |
|
|
|a Bratislava
|b Inštitút pre výskum práce a rodiny
|c 2011
|
| 300 |
|
|
|a 230 s.
|c 21 cm
|
| 504 |
|
|
|a Bibliogr. odkazy
|
| 650 |
0 |
7 |
|a seniori
|2 SNKPH
|9 117453
|
| 650 |
0 |
7 |
|a starostlivosť o seniorov
|2 SNKPH
|9 108895
|
| 650 |
0 |
7 |
|a riadenie
|2 SNKPH
|9 924
|
| 650 |
0 |
7 |
|a Older people
|2 SNKPHeng
|9 275779
|
| 650 |
0 |
7 |
|a Older people's care
|2 SNKPHeng
|9 318917
|
| 650 |
0 |
7 |
|a Management
|2 SNKPHeng
|9 265406
|
| 650 |
0 |
7 |
|a financovanie
|2 SNKPH
|9 16004
|
| 650 |
0 |
7 |
|a Financing
|2 SNKPHeng
|9 324888
|
| 651 |
|
7 |
|a Slovensko
|2 SNKPH
|9 14231
|
| 651 |
|
7 |
|a Európa
|2 SNKPH
|9 167569
|
| 651 |
|
7 |
|a Slovakia
|2 SNKPHeng
|9 92630
|
| 651 |
|
7 |
|a Europe
|2 SNKPHeng
|9 56249
|
| 655 |
|
7 |
|a štúdie
|2 SNKPH
|9 57033
|
| 655 |
|
7 |
|a Studies
|2 SNKPHeng
|9 265573
|
| 919 |
|
|
|a 978-80-7138-133-4
|
| 958 |
|
|
|a OND
|
| 958 |
|
|
|a NB
|
| 968 |
|
|
|d 36
|
| 999 |
|
|
|c 577992
|d 579922
|
| 952 |
|
|
|a SNK
|b SNK
|y PREZ
|7 0
|p 17A0876742
|o snkSC 142401/3
|i snk2012/2667
|8 0
|0 0
|1 0
|4 0
|d 2012-02-01
|l 0
|r 2025-07-10 00:00:00
|w 2026-02-23
|
| 952 |
|
|
|a SNK
|b SNK
|y VYP
|7 0
|p 17A0876743
|o snkSC 142401/3 D1
|i snk2012/2669
|8 0
|0 0
|1 0
|4 0
|d 2012-02-01
|f 1
|l 0
|r 2026-02-23 14:39:46
|w 2026-02-23
|